|
|
|
|
| LEADER |
02262nam a2200409 a 4500 |
| 001 |
12408297 |
| 003 |
BD-DhAAL |
| 008 |
091231t2001 enk b 001 0 eng d |
| 999 |
|
|
|c 6569
|d 6569
|
| 010 |
|
|
|a 2001031998
|
| 020 |
|
|
|a 0415255341 (hbk)
|
| 020 |
|
|
|a 9780415253802 (pbk)
|
| 020 |
|
|
|a 9780415255349 (hbk)
|
| 020 |
|
|
|a 0415253802 (pbk.)
|
| 040 |
|
|
|a DLC
|c DLC
|d DLC
|d BD-DhAAL
|
| 082 |
0 |
0 |
|a 306.40904
|2 21
|
| 100 |
1 |
|
|a Adorno, Theodor W.,
|d 1903-1969.
|9 13877
|
| 245 |
1 |
4 |
|a The culture industry :
|b selected essays on mass culture /
|c Theodor W. Adorno ; edited and with an introduction by J.M. Bernstein.
|
| 260 |
|
|
|a London ;
|a New York :
|b Routledge,
|c 2003.
|
| 300 |
|
|
|a viii, 210 pages ;
|c 21 cm.
|
| 490 |
0 |
|
|a Routledge classics
|
| 504 |
|
|
|a Includes bibliographical references and indexes.
|
| 505 |
0 |
|
|a On the fetish character in music and the regression of listening -- The schema of mass culture -- Culture industry reconsidered -- Culture and administration -- Freudian theory and the pattern of fascist propaganda -- How to look at television -- Transparencies on film -- Free time -- Resignation.
|
| 526 |
|
|
|a ENH
|
| 541 |
1 |
|
|a Trim education
|e 00013742, 33793
|
| 650 |
|
0 |
|a Popular culture
|x History
|y 20th century.
|9 13878
|
| 650 |
|
0 |
|a Mass society
|x History
|y 20th century.
|9 13879
|
| 650 |
|
0 |
|a Mass media
|x Social aspects
|x History
|y 20th century.
|9 13880
|
| 650 |
|
0 |
|a Civilization, Modern
|y 1950-
|9 6466
|
| 650 |
|
0 |
|a Postmodernism.
|9 13881
|
| 650 |
|
0 |
|a English literature.
|9 42874
|
| 700 |
1 |
|
|a Bernstein, J. M.
|9 13882
|
| 852 |
4 |
|
|a Ayesha Abed Library
|j General Stacks
|
| 942 |
|
|
|2 ddc
|c BK
|
| 952 |
|
|
|0 0
|1 0
|2 ddc
|4 0
|6 306_409040000000000_ADO_2003
|7 0
|9 6681
|a BRACUL
|b BRACUL
|c GEN
|d 2009-12-31
|g 472.00
|l 7
|m 13
|o 306.40904 ADO
|p 3010013742
|r 2026-05-10
|s 2026-01-18
|t 1
|w 2009-12-31
|y BK
|
| 952 |
|
|
|0 0
|1 0
|2 ddc
|4 0
|6 306_409040000000000_ADO
|7 0
|9 55319
|a BRACUL
|b BRACUL
|c GEN
|d 2015-08-17
|e Karim International
|g 1426.00
|l 6
|m 34
|o 306.40904 ADO
|p 3010029717
|r 2025-07-24
|s 2025-07-10
|t 2
|w 2015-08-17
|y BK
|
| 952 |
|
|
|0 0
|1 0
|2 ddc
|4 0
|6 306_409040000000000_ADO
|7 0
|9 64355
|a BRACUL
|b BRACUL
|c GEN
|d 2018-09-12
|e Trim Education
|g 1270.00
|l 1
|m 29
|o 306.40904 ADO
|p 3010033793
|r 2019-11-25
|s 2019-05-27
|t 3
|v 1270.00
|w 2018-09-12
|y BK
|x Inventory 2020: Previously Missing Book Recovered
|